Selected short stories

Uloženo v:
Podrobná bibliografie
Hlavní autor: Faulkner, William
Médium: Kniha
Jazyk:Undetermined
Vydáno: New York, Estados Unidos The modern library 1960
Témata:
Tagy: Přidat tag
Žádné tagy, Buďte první, kdo vytvoří štítek k tomuto záznamu!

MARC

LEADER 00000nam a2200000Ia 4500
008 170316s9999 xx 000 0 und d
040 |a cru BVZT 
090 |a 810 F-6se 
100 |a Faulkner, William 
245 |a Selected short stories 
260 |a New York, Estados Unidos 
260 |b The modern library 
260 |c 1960 
300 |a 306 páginas 
650 |a LITERATURA ESTADOUNIDENSE 
999 |c 5646  |d 5646 
942 |c 15 D  |h 810 F-6se  |2 z